00535 2200217 4500001002100000005001500021035002000036007000300056008004100059020001800100082000800118084001400126100001600140245002500156250001000181260004900191300003100240650002000271990001300291990001300304INLIS00000000000040020221208084535 a0010-1222000131ta221208 g 1 ind  a979-695-542-3 a813 a813 FIR p0 aFira Basuki1 aPintu /cFira Basuki acet.2 aJakarta :bPT. Gramedia Pustaka Utama,c2002 a158 hlm. :bIlus ;c20 cm. 4aFiksi Indonesia a03960396 a03960396